000 01072nam2a2200265 4500
001 RU\NLR\BIBL_A\022012407
005 20260202144805.0
010 _a978-5-6049637-5-3
_9700
021 _aRU
_bКН-П-23-046906
_9КН-П-23-4695
035 _a(NLR Aleph) 022012407
035 _a(RuMoRGB)011969525
090 _a12487476
_c12487476
100 _a20230828d2023 u y0rusy50 ca
101 0 _arus
102 _aRU
105 _aabchz 000zy
200 0 _a[2022]
_fруководитель проекта: Галина Ажеева
210 _d2023
215 _a115, [3] с.
_cил., цв. ил., карты, портр., факс.
461 0 _1001RU\NLR\bibl\1175067
_12001#$aИркутская область$eкнига рекордов$v[2022]
_91541831
_cИркутск
_d2006–
_nПриус
_o[ежегодник]
_tИркутская область. Книга рекордов
_v[2022]
517 1 _aКнига рекордов. Иркутская область
942 _cBOOK
980 _aNB